An anthropologist at work : writings of Ruth Benedict

Αποθηκεύτηκε σε:
Λεπτομέρειες βιβλιογραφικής εγγραφής
Κύριος συγγραφέας: Mead, Margaret, 1901-1978
Μορφή: Βιβλίο
Γλώσσα:English
Δημοσίευση: London : Secker & Warburc, c1959.
Θέματα:
Ετικέτες: Προσθήκη ετικέτας
Δεν υπάρχουν, Καταχωρήστε ετικέτα πρώτοι!

MARC

LEADER 00000cam a2200000 i 4500
001 1/10422
008 000901s1959 enk| ||| |||| ||eng||
035 |l 10063428 
040 |a GR-MY-UA  |b gre  |e aacr 
041 0 |a eng 
082 0 |a 306.092  
100 1 |a Mead, Margaret,   |d 1901-1978. 
245 1 3 |a An anthropologist at work :   |b writings of Ruth Benedict /  |c by Margaret Mead.  
260 |a London :   |b Secker & Warburc,   |c c1959.  
300 |a 583 σ. ;   |c 22 εκ.  
600 1 0 |a Benedict, Ruth,   |d 1887-1948. 
650 0 |a Women anthropologists  |x Biography. 
700 1 |a Mead, Margaret,   |d 1901-1978. 
852 |a INST  |b LESVOS  |e 20000901  |h 306.092 MEA  |p 005100023964  |q 005100023964  |t BK  |y 0 
901 |a BIBL1-2000-2 
970 |z 2000/08/ELIDOC